000 00826nam a2200241 a 4500
005 20141201143750.0
008 140123b2004 ck ||||| |||| 00| 0 spa d
040 _cCO-BoIH
041 _aspa
044 _ack
090 _aIAVH
_b00390
100 _aRoldán Pérez, Albaro Javier
_94928
245 _aEvaluación técnica de témino medio del proyecto conservación y uso sostenible de la biodiversidad de los Andes Colombianos
260 _aBogotá
_bInstituto Alexander von Humboldt
_c2004?
300 _a83 p.
700 _aDuque Montoya, Alvaro Javier
_929430
700 _aFranco Franco, Gloria Sofía
_94930
700 _aMacías Gómez, Luis Fernando
_94931
700 _aArango Jaramillo, María Cecilia
_94932
700 _aÁlvarez Aranfo, Luisa Fernanda
_94933
942 _cINFORME
_2z
945 _d2005-07-19
999 _c4683
_d4683